LIBRARY & INFORMATION CENTRE, KCAET, TAVANUR

ONLINE PUBLIC ACCESS CATALOGUE (OPAC)

Electrical engineering: Concepts and applications / (Record no. 9688)

MARC details
000 -LEADER
fixed length control field 00494cam a2200181ua 4500
020 ## - INTERNATIONAL STANDARD BOOK NUMBER
ISBN 0-201-10299-4
041 ## - LANGUAGE CODE
Language code of text/sound track or separate title eng
082 ## - DEWEY DECIMAL CLASSIFICATION NUMBER
Classification number 621.3
Item number CAR/EL
100 ## - MAIN ENTRY--AUTHOR NAME
Personal name Carlson, Bruce A .
245 ## - TITLE STATEMENT
Title Electrical engineering: Concepts and applications /
250 ## - EDITION STATEMENT
Edition statement 1 /
260 ## - PUBLICATION, DISTRIBUTION, ETC. (IMPRINT)
Place of publication London :
Name of publisher Addison-Wesley Publishing Company ,
Year of publication 1981.
300 ## - PHYSICAL DESCRIPTION
Number of Pages 765 ; .
700 1# - ADDED ENTRY--PERSONAL NAME
Personal name Gisser, David G .
942 ## - ADDED ENTRY ELEMENTS (KOHA)
Koha item type Books
Holdings
Withdrawn status Lost status Damaged status Home library Current library Date acquired Full call number Accession Number Koha item type
      KAUAET KAUAET 08/09/1986 621.3 15729 Books
free website counter